|
|
|
|
| LEADER |
00000cam a2200000 7i4500 |
| 001 |
0000003883 |
| 005 |
20110804.0 |
| 090 |
0 |
0 |
|a R THE 333.75
|b SAHA 1997
|
| 100 |
0 |
0 |
|a Saharudin bin Ahmad
|
| 245 |
0 |
0 |
|a An economic study of alternative timber harvesting systems in Peninsular Malaysia : analysis of the costs of sustainable management
|c Saharudin bin Ahmad
|
| 260 |
0 |
0 |
|a Oregon State :
|b College of Forestry Oregon State University ,
|c 1997
|
| 300 |
|
|
|a viii, 104 p. :
|b .iil ;
|c 30 cm.
|
| 500 |
0 |
0 |
|a Bibliography : p. 104
|
| 500 |
0 |
0 |
|a Professional Paper: Master of Forestry, College of Forestry Oregon State University(1997)
|
| 650 |
0 |
0 |
|a Timber harvesting systems---Peninsular Malaysia
|
| 998 |
|
|
|a JPSM
|
| 999 |
|
|
|a 005968
|b Thesis
|c Reference
|e Default branch
|
| 999 |
|
|
|a 005969
|b Thesis
|c Reference
|e Default branch
|
| 999 |
|
|
|a 006483
|b Thesis
|c Reference
|e Default branch
|